00349pab a2200121 454500008004000000100001700040245008800057260000900145300001000154362000900164650003400173773002000207180718b1983 xxu||||| |||| 00| 0 eng d aThomas, A.M. aRole of KVI (Khadi and Village Industries) in Gandhian concept of rural development c1983 a85-96 aNov. aIndustry, Small Scale - India aKhadi Gramodyog